| 000 | 00850nam a2200229 a 4500 | ||
|---|---|---|---|
| 001 | 000021901 | ||
| 003 | DO-SdBNP | ||
| 005 | 20250617130649.0 | ||
| 008 | 100914s19uu dr ac 001 0 spa d | ||
| 040 |
_aDO-SdBNP _bspa _cBNPHU |
||
| 049 | _aBNPD | ||
| 082 |
_a972.9302 _bR696p |
||
| 100 | 1 |
_aRodríguez, Luis Arzeno, _b1922- _93018 |
|
| 245 | 1 | 0 |
_aPrimicias de América en Santo Domingo : _bV centenario del descubrimiento 1492-1992 / _cLuis Arzeno Rodríguez. |
| 260 |
_aSanto Domingo : _bDel Nordeste, _c[19--?]. |
||
| 300 |
_a170 p. : _bil., retrs. ; _c21 cm. |
||
| 504 | _aBibliografía: p.169-170. | ||
| 650 | 4 |
_aSanto domingo (república dominicana) _xHistoria local _945451 |
|
| 651 | 0 |
_aRepública Dominicana -- _xHistoria -- _yDescubrimiento y conquista, 1492-1503 _9255 |
|
| 910 | _aValidado. Control de calidad EMS | ||
| 942 |
_2ddc _cLBS1 |
||
| 999 |
_c21399 _d21399 |
||